LEADER 00902nam a2200241 4500 001 000000340977 003 CaOOAMICUS 005 20201013101409.0 008 200708s1974 fr 000 u fre r 040 $aSeMil$bita 100 1 $aGuitton, Jean,$d<1901-1999>.$0(OLS)http://semarc/name/848 245 10$aPrières pour l'Année Sainte /$cJean Guitton. 264 1$a[Paris] :$bDesclée de Brouwer,$c1974. 300 $a140 p. ;$c20 cm 500 $aCon dedica 541 0 $aFondo mons. Pasquale Macchi 650 4$aPreghiere cristiane.$0(OLS)http://semarc/subject/47161 850 $aSeMil 852 $aSeMil$W1$xVenegono$y1$m3K II 562$j221909$B231983$CSeMilBibl$Z2$F231983 $81 941 1 $a9 996 $6245$aPrières pour l'Année Sainte$9(OLS)http://semarc/title/430034 996 $6264$a[Paris] :$bDesclée de Brouwer$9(OLS)http://semarc/publisher/32277 LEADER 01038nam a2200217 i 4500 001 000000216361 003 CaOOAMICUS 005 20121016000000.0 008 121016s2012 it u000 u ita u 013 $a195250 040 $aSeMil$bita 245 10$aAtti del Congresso generale straordinario e del 13. Congresso generale ordinario :$bEremo S. Salvatore sopra Erba, 7-13 agosto 2011. 260 $a[S.l. :$bs.n.],$c2012$e(Lodi :$fSollicitudo Arti Grafiche,$g2012) 300 $a181 p. ;$c24 cm. 500 $aIn testa al front. : Istituto secolare Cristo Re. 650 4$aIstituto Secolare Cristo Re.$0(OLS)http://semarc/subject/11442 850 $aSeMil 852 $aSeMil$W1$xVenegono$y1$m3G IV 338$j166780$B166780$CSeMilBibl$Z2$F179278 $81 961 $aOmaggio: Delpini mons. Mario 996 $6245$aAtti del Congresso generale straordinario e del 13. Congresso generale ordinario :$bEremo S. Salvatore sopra Erba, 7-13 agosto 2011$9(OLS)http://semarc/title/311139 996 $6260$a[S.l. :$bs.n.]$9(OLS)http://semarc/publisher/29751 LEADER 01306nam a2200277 i 4500 001 000000192417 003 CaOOAMICUS 005 20260421124725.0 008 150804s1931 it u000 u ita u 013 $a170996 040 $aSeMil$bita 100 1 $aLeopardi, Giacomo,$d<1798-1837>.$0(OLS)http://semarc/name/1218 245 13$aLe operette morali ; e I pensieri ; aggiuntovi un saggio dello Zibaldone e dell'Epistolario /$cGiacomo Leopardi ; con proemio e commento di Ireneo Sanesi. 264 1$aFirenze :$bSansoni,$c1931. 300 $aXXXII, 440 p. ;$c21 cm. 490 1 $aBiblioteca scolastica di classici italiani 650 4$aLeopardi, Giacomo <1798-1837> . Operette morali.$0(OLS)http://semarc/subject/51306 700 1 $aSanesi, Ireneo.$0(OLS)http://semarc/name/8093 830 0$aBiblioteca scolastica di classici italiani.$0(OLS)http://semarc/title/41058 850 $aSeMil 852 $aSeMil$W1$xVenegono$y1$m3GC III 275 ^$j142992$B142992$CSeMilBibl$Z2$F154365 $8B 941 1 $a3 961 $aLascito: Colombo Card. Giovanni 996 $6245$aLe operette morali ; e I pensieri ; aggiuntovi un saggio dello Zibaldone e dell'Epistolario$9(OLS)http://semarc/title/277327 996 $6264$aFirenze :$bSansoni$9(OLS)http://semarc/publisher/29843